000 00543nam a2200217Ia 4500
003 0100
008 130303s9999 xx 000 0 und d
040 _cARRUPELIB
050 _aBS1585.3.V3
100 _aVawter, Bruce
245 _aAmos, Hosea, Micah
245 _bwith an introduction to classical prophecy
260 _aWilmington Del.
260 _bGlazier
260 _C1981
300 _a170p
440 _aOld Testament message, 7
650 _bScience --Encyclopedias
650 _cTechnology --Encyclopedias
942 0 0 _07
999 _c25475
_d25475